| 000 | 00496nam a22001817a 4500 | ||
|---|---|---|---|
| 003 | CEME | ||
| 005 | 20210628202210.0 | ||
| 008 | 210209b xxu||||| |||| 00| 0 eng d | ||
| 040 | _c. | ||
| 082 | _a629.1 BAK | ||
| 100 |
_aBaker , Alan ,Dutton , Stuart ,Kelly , Donald _958727 |
||
| 245 | _aComposite materials for aircraft structures | ||
| 250 | _a2ND | ||
| 260 |
_aUSA _bAIAA _c2004 |
||
| 300 | _aXVII,597P | ||
| 650 |
_a AIRPLANES-MATERIALS .COMPOSITE MATERIALS _958728 |
||
| 942 |
_cBK _2ddc |
||
| 999 |
_c568855 _d568855 |
||